| 000 | 01048cab a2200277 4500 | ||
|---|---|---|---|
| 001 | ABS54644 | ||
| 008 | 090401t1996 xxu||||| |||| 00| 0 eng d | ||
| 035 | _a(Sirsi) u11489 | ||
| 041 | _aeng | ||
| 100 | _aMenary, S. | ||
| 245 | _aLottery grants | ||
| 260 | _c1996 | ||
| 350 | _a0 | ||
| 490 |
_aConstruction News _v(6457) 21 March 1996, 17(1) |
||
| 520 | _aGives figures for National Lottery Awards for building projects by region. London and the South East have so far won the largest share. Quotes details of the grants awarded by the five distributors of lottery cash: Arts Council, Millennium Commission, National Heritage Memorial Fund, National Lottery Charities Board and Sports Council. | ||
| 650 | _aARTS COUNCIL OF ENGLAND | ||
| 650 | _aCONSTRUCTION PROJECTS | ||
| 650 | _aMILLENNIUM COMMISSION | ||
| 650 | _aNATIONAL HERITAGE MEMORIAL FUND | ||
| 650 | _aNATIONAL LOTTERY CHARITIES BOARD | ||
| 650 | _aNATIONAL LOTTERY | ||
| 650 | _aSPORTS COUNCIL | ||
| 690 | _aBUILT ENVIRONMENT | ||
| 942 | _n0 | ||
| 948 | _c04/03/1997 | ||
| 999 |
_c7326 _d7326 |
||